00286pab a2200121 454500008004000000100001900040245002600059260000900085300000800094362001000102650003300112773001900145180718b1995 xxu||||| |||| 00| 0 eng d aPani, Narendar aAdjustment as reform. c1995 ap.6 a5 May aEconomic development - India aEconomic Times